banner koha

Plano de manejo da Floresta Nacional do Crepori, localizada no estado do Pará: sumário executivo; v. 1 - informações gerais; v. 2 - planejamento; v. 3 - planos de manejo das florestas nacionais do Crepori, Jamanxim e Amana, localizadas no estado do Pará; relatório consolidado da avaliação ecológica rápida da flona do Crepori; relatório do meio físico da flona do Crepori; relatório da socioeconomia da Floresta Nacional do Crepori; relatório da oficina de planejamento participativo; relatório do inventário florestal da Floresta Nacional do Crepori (Registro n. 80385)

MARC details
000 -LÍDER
campo de controle de tamanho fixo 01443nam a22003137a 4500
001 - NÚMERO DE CONTROLE
campo de controle BR2014007123
003 - IDENTIFICADOR DO NÚMERO DE CONTROLE
campo de controle BR-BrBNA
005 - DATA E HORÁRIO DA ÚLTIMA TRANSAÇÃO
campo de controle 20230928104525.0
007 - CAMPO FIXO DE DESCRIÇÃO FÍSICA--INFORMAÇÃO GERAL
campo de controle de tamanho fixo ta
008 - CAMPO DE DADOS FIXOS--INFORMAÇÃO GERAL
campo de controle de tamanho fixo 230509b bl.||||| |||| 00| 0 por d
040 ## - FONTE DA CATALOGAÇÃO
Instituição da catalogação original BR-BrBNA
Idioma da catalogação por
Instituição que transcreveu o registro Biblioteca Nacional de Agricultura
041 ## - CÓDIGO DE IDIOMA
Código do idioma do texto/trilha sonora ou título diferente (Por)
072 ## - CÓDIGO DE CATEGORIA DE ASSUNTO
Código de Categoria de Assunto K10; E14
090 ## - NÚMERO DE CHAMADA LOCAL
-- K10 BR2014007123
110 1# - ENTRADA PRINCIPAL--NOME CORPORATIVO
Nome corporativo ou nome da jurisdição Instituto Chico Mendes de Conservação da Biodiversidade, Curitiba, PR (Brasil)
9 (RLIN) 5959
245 1# - TÍTULO
Título Plano de manejo da Floresta Nacional do Crepori, localizada no estado do Pará: sumário executivo; v. 1 - informações gerais; v. 2 - planejamento; v. 3 - planos de manejo das florestas nacionais do Crepori, Jamanxim e Amana, localizadas no estado do Pará; relatório consolidado da avaliação ecológica rápida da flona do Crepori; relatório do meio físico da flona do Crepori; relatório da socioeconomia da Floresta Nacional do Crepori; relatório da oficina de planejamento participativo; relatório do inventário florestal da Floresta Nacional do Crepori
260 3# - PUBLICAÇÃO, DISTRIBUIÇÃO, ETC.
Local de publicação, distribuição, etc. Curitiba, PR (Brasil):
Data da publicação, distribuição, etc. 2009-2010.
300 ## - DESCRIÇÃO FÍSICA
Extensão v. 1-3
650 ## - ASSUNTO--TERMO TÓPICO
Cabeçalho tópico ou nome geográfico FLORESTA
650 ## - ASSUNTO--TERMO TÓPICO
Cabeçalho tópico ou nome geográfico ECOLOGIA FLORESTAL
650 ## - ASSUNTO--TERMO TÓPICO
Cabeçalho tópico ou nome geográfico ZONEAMENTO ECOLOGICO
650 ## - ASSUNTO--TERMO TÓPICO
Cabeçalho tópico ou nome geográfico ZONEAMENTO FLORESTAL
650 ## - ASSUNTO--TERMO TÓPICO
Cabeçalho tópico ou nome geográfico PRESERVAÇÃO DA NATUREZA
650 ## - ASSUNTO--TERMO TÓPICO
Cabeçalho tópico ou nome geográfico PRÁTICA CULTURAL
650 ## - ASSUNTO--TERMO TÓPICO
Cabeçalho tópico ou nome geográfico PROGRAMA DE DESENVOLVIMENTO
650 ## - ASSUNTO--TERMO TÓPICO
Cabeçalho tópico ou nome geográfico PARÁ
909 ## -
-- 202309
-- Lucia
-- 55
-- Lucia Elande
942 ## - ELEMENTOS DE ENTRADA ADICIONADOS (KOHA)
Tipo de material Koha Livros
Exemplares
Situação do descarte Fonte da classificação ou esquema de arquivamento na estante Situação física Não pode ser emprestado Coleção Biblioteca de origem Biblioteca atual Total de empréstimos Número de telefone completo Código de barras Data de último acesso Número do exemplar Tipo de material Koha Situação das perdas Data de aquisição Fonte de aquisição
  Classificação AGRIS       Biblioteca Nacional de Agricultura - Binagri Biblioteca Nacional de Agricultura - Binagri   K10 BR2014007123 K10 BR2014007123 25/09/2023 01 Livros   2023-09-25 Portaria Interministerial nº 164/94

BINAGRI

Telefone: (61)3218-2567/2388/3357/2097 - binagri@agro.gov.br

Ministério da Agricultura e Pecuária , Esplanada dos Ministérios, Bloco D, Anexo B, Brasília/DF, CEP: 70.043-900